Statistiques concernant Dictionnaire hors série n°2: la littérature

Cliquez ici pour prendre le quiz!

Statistiques générales

  • Ce quiz a été pris 286 fois
  • Le résultat moyen est 4 sur 10

Statistiques - réponses

DéfinitionsClasse grammaticaleMots correspondants% Correct
Prendre connaissance du contenu d'un texte par la lectureVerbeLire
93%
Meuble servant à ranger et classer des livresNomBibliothèque
89%
Oeuvre d'imagination en prose qui présente des personnages donnés comme réelsNomRoman
66%
Exposer par un récitVerbeRaconter
55%
Qu'on emploi dans la conversation courante et même par écrit mais qu'on évite dans les relations officielles et le style soutenuAdjectifFamilier
39%
Destiné au théâtre, relatif aux ouvrages de théâtreAdjectifDramatique
19%
En prenant le mot, l'expression au sens plein, réel.AdverbeLittéralement
19%
Qui exprime des sentiments intimes au moyen de rythmes et d'images propres à émouvoirAdjectifLyrique
19%
Poème lyrique exprimant une plainte, de la mélancolieNomElégie
14%
Mettre par écritVerbeCoucher
8%

Distribution des résultats

Percentile par nombre de réponses

% des personnes avec chaque résultat

Votre développement - résultats

Vous n’avez pas pris ce quiz